The Hits Of Elvis Presley - Statistics

General Stats
  • This quiz has been taken 40 times
  • The average score is 10 of 15
Answer Stats
Hint Answer % Correct
Jailhouse - Rock
100%
Burnin' - Love
94%
Teddy - Bear
91%
Hard Headed - Woman
91%
Are You - Lonesome Tonight
78%
King - Creole
72%
Promised - Land
72%
Good Luck - Charm
66%
A Little - Less Conversation
66%
Bossa Nova - Baby
56%
Kissin' - Cousins
56%
American - Trilogy
53%
Lawdy - Miss Clawdy
47%
Mystery - Train
47%
Girl Of - My Best Friend
38%
No matching quizzes found
Score Distribution
Percent of People with Each Score
Percentile by Number Answered
Your Score History
You have not taken this quiz